Statistics for Song Title Translation - Spanish

Click here to take the quiz!

General Stats

  • This quiz has been taken 15,950 times
  • The average score is 12 of 20

Answer Stats

Spanish English % Correct
Rojo rojo vinoRed Red Wine
93%
Ojo del tigreEye of the Tiger
92%
Navidad blancaWhite Christmas
85%
Loco enamoradoCrazy in Love
78%
Lluvia de noviembreNovember Rain
73%
Cuando un hombre
ama a una mujer
When a Man
Loves a Woman
73%
Mujer americanaAmerican Woman
72%
El león duerme esta nocheThe Lion Sleeps Tonight
68%
La casa del sol nacienteThe House of the Rising Sun
64%
AyerYesterday
56%
Somos jóvenesWe Are Young
56%
Esta tierra es tu tierraThis Land is Your Land
53%
Besé a una chicaI Kissed a Girl
51%
Dulce niña míaSweet Child o' Mine
50%
Escalera al cieloStairway to Heaven
50%
Camina como un egipcioWalk Like an Egyptian
50%
Beso de una rosaKiss from a Rose
49%
Corazón de vidrioHeart of Glass
38%
Bajo el puenteUnder the Bridge
37%
Viviendo en una oraciónLiving on a Prayer
33%

Score Distribution

Percentile by Number Answered

Percent of People with Each Score

Your Score History

You have not taken this quiz